[Event "42. Torneo Capablanca In Memoriam-Open"]
[Site "La Habana CUB"]
[Date "2007.05.25"]
[Round "7.4"]
[White "Otero, Diasmany"]
[Black "Corrales Jimenez, Fidel"]
[Result "1-0"]
[WhiteElo "2366"]
[BlackElo "2479"]
[PlyCount "95"]
[EventDate "2007.05.18"]
[EventType "swiss"]
[EventRounds "9"]
[EventCountry "CUB"]
[Source "lmi"]
[SourceDate "2007.05.18"]

1. d4 Nf6 2. c4 e6 3. Nc3 Bb4 4. e3 O-O 5. Nge2 d5 6. a3 Be7 7. cxd5 exd5 8. g3
Bg4 9. Bg2 Qd7 10. h3 Be6 11. g4 c6 12. f4 Ne4 13. Nxe4 dxe4 14. Bxe4 Bh4+ 15.
Kf1 f5 16. gxf5 Bd5 17. Bg2 Qxf5 18. Nc3 Bxg2+ 19. Kxg2 Rf6 20. e4 Rg6+ 21. Kf1
Qf7 22. Rg1 Qc4+ 23. Qe2 Rxg1+ 24. Kxg1 Qxd4+ 25. Be3 Qd7 26. Qg4 Qxg4+ 27.
hxg4 g5 28. fxg5 Nd7 29. Kg2 Ne5 30. Rh1 Ng6 31. Ne2 Re8 32. Nd4 h6 33. gxh6
Kh7 34. Nf5 Bf6 35. g5 Bh8 36. Rd1 Nf8 37. Kf3 a5 38. b3 Be5 39. Bf4 Bxf4 40.
Kxf4 Ng6+ 41. Ke3 Ne5 42. Rd6 a4 43. g6+ Kh8 44. bxa4 Nc4+ 45. Kd4 Nxd6 46.
Nxd6 c5+ 47. Kxc5 b6+ 48. Kb4 1-0

[Event "42. Torneo Capablanca In Memoriam-Open"]
[Site "La Habana CUB"]
[Date "2007.05.25"]
[Round "7.6"]
[White "Ortiz Suarez, Isam"]
[Black "Colovic, Aleksandar"]
[Result "0-1"]
[WhiteElo "2387"]
[BlackElo "2463"]
[PlyCount "92"]
[EventDate "2007.05.18"]
[EventType "swiss"]
[EventRounds "9"]
[EventCountry "CUB"]
[Source "lmi"]
[SourceDate "2007.05.18"]

1. e4 c5 2. Nf3 d6 3. d4 cxd4 4. Nxd4 Nf6 5. Nc3 a6 6. Be3 Ng4 7. Bc1 Nf6 8.
Be3 e6 9. f3 h5 10. Bc4 Nc6 11. Qd2 Na5 12. Bd3 b5 13. O-O Bb7 14. Ncxb5 e5 15.
Nf5 axb5 16. Bxb5+ Bc6 17. Bxc6+ Nxc6 18. Rfd1 Na5 19. Qb4 Qb8 20. a3 Nb7 21.
Rd3 Nd7 22. Rd5 g6 23. Rb5 gxf5 24. Rxb7 Qc8 25. exf5 Rb8 26. Rxb8 Qxb8 27. c4
Bh6 28. Bf2 Ke7 29. c5 Nxc5 30. Bxc5 dxc5 31. Qxc5+ Qd6 32. Qc2 Be3+ 33. Kh1
Rd8 34. g3 Qd5 35. Qe2 Qd3 36. Re1 Qxe2 37. Rxe2 Rd3 38. a4 Rb3 39. a5 Kf6 40.
a6 Kxf5 41. Kg2 Bd4 42. Rd2 Rb6 43. f4 f6 44. Kf3 Rxa6 45. h3 e4+ 46. Ke2 Ra4
0-1

[Event "42. Torneo Capablanca In Memoriam-Open"]
[Site "La Habana CUB"]
[Date "2007.05.25"]
[Round "7.8"]
[White "Gomez Garrido, Camilo"]
[Black "Cordova, Emilio"]
[Result "1-0"]
[WhiteElo "2413"]
[BlackElo "2507"]
[PlyCount "73"]
[EventDate "2007.05.18"]
[EventType "swiss"]
[EventRounds "9"]
[EventCountry "CUB"]
[Source "lmi"]
[SourceDate "2007.05.18"]

1. e4 e6 2. d4 d5 3. exd5 exd5 4. Bd3 Bd6 5. Ne2 Nc6 6. c3 f5 7. Bf4 Nf6 8. O-O
O-O 9. Bxd6 Qxd6 10. f4 Qe7 11. h3 Bd7 12. Kh2 Qd6 13. Nd2 Nh5 14. Qe1 Rae8 15.
Qh4 g6 16. Nf3 Re3 17. Rad1 Qe7 18. Qxe7 Rxe7 19. Ne5 Nxe5 20. fxe5 f4 21. Rf2
g5 22. b4 Re6 23. c4 c6 24. Rc1 Rh6 25. Kg1 g4 26. cxd5 cxd5 27. Rc7 Be6 28.
hxg4 Bxg4 29. Kf1 Ng7 30. Ke1 Ne6 31. Rxb7 Rh1+ 32. Rf1 Rh2 33. Nc3 Rd8 34.
Rxa7 Rxg2 35. Bxh7+ Kf8 36. Rh1 Bf3 37. Rh6 1-0

[Event "42. Torneo Capablanca In Memoriam-Open"]
[Site "La Habana CUB"]
[Date "2007.05.25"]
[Round "7.9"]
[White "Abreu Delgado, Aryam"]
[Black "Blanco, Humberto"]
[Result "1/2-1/2"]
[WhiteElo "2498"]
[BlackElo "2405"]
[PlyCount "82"]
[EventDate "2007.05.18"]
[EventType "swiss"]
[EventRounds "9"]
[EventCountry "CUB"]
[Source "lmi"]
[SourceDate "2007.05.18"]

1. e4 e5 2. Nf3 Nc6 3. Bb5 a6 4. Ba4 Nf6 5. O-O Be7 6. Re1 b5 7. Bb3 d6 8. c3
O-O 9. h3 Nb8 10. d4 Nbd7 11. Nbd2 Bb7 12. Bc2 Re8 13. Nf1 Bf8 14. Ng3 g6 15.
b3 Bg7 16. d5 Rc8 17. c4 c6 18. Rb1 Qc7 19. Bd3 Nc5 20. Bf1 Rb8 21. Bd2 Ba8 22.
Bb4 a5 23. Bxc5 dxc5 24. dxc6 b4 25. Bd3 Bxc6 26. Nf1 h5 27. Qc2 Bh6 28. Ne3
Bxe3 29. Rxe3 Nh7 30. g3 a4 31. bxa4 Ra8 32. Qb2 Bxa4 33. Bc2 Bd7 34. Kg2 Nf8
35. a3 bxa3 36. Rxa3 Rxa3 37. Qxa3 Ne6 38. Qa6 Rb8 39. Rxb8+ Qxb8 40. Ba4 Bxa4
41. Qxa4 Qb7 1/2-1/2

[Event "42. Torneo Capablanca In Memoriam-Open"]
[Site "La Habana CUB"]
[Date "2007.05.25"]
[Round "7.10"]
[White "Borges Mateos, Juan"]
[Black "Santos, Marcus Vinicius Mor"]
[Result "1-0"]
[WhiteElo "2482"]
[BlackElo "2401"]
[PlyCount "83"]
[EventDate "2007.05.18"]
[EventType "swiss"]
[EventRounds "9"]
[EventCountry "CUB"]
[Source "lmi"]
[SourceDate "2007.05.18"]

1. Nf3 d5 2. d4 c5 3. c4 e6 4. cxd5 exd5 5. Nc3 Nc6 6. g3 Nf6 7. Bg2 Be7 8. O-O
O-O 9. Bg5 cxd4 10. Nxd4 h6 11. Be3 Bg4 12. Qa4 Na5 13. Rfd1 Nc4 14. Bc1 Nb6
15. Qb3 Rc8 16. Be3 Rc4 17. a3 Bc5 18. Rd3 Re8 19. Rad1 Ne4 20. Bxe4 dxe4 21.
R3d2 Qc8 22. Nc2 Be6 23. Qb5 Rf8 24. Qa5 Qc6 25. Rd8 a6 26. Rxf8+ Kxf8 27. Nd4
Qc7 28. Nxe6+ fxe6 29. b3 Bxe3 30. bxc4 Qc5 31. Qxc5+ Bxc5 32. Nxe4 Bxa3 33. c5
Nd5 34. Ra1 Bb4 35. c6 bxc6 36. Rxa6 Ne7 37. e3 e5 38. Rb6 Ba5 39. Rb7 Kf7 40.
Kf1 Ke6 41. Ke2 g6 42. Nc5+ 1-0

[Event "42. Torneo Capablanca In Memoriam-Open"]
[Site "La Habana CUB"]
[Date "2007.05.25"]
[Round "7.11"]
[White "De La Paz Perdomo, Frank"]
[Black "Martinez, Lelys"]
[Result "0-1"]
[WhiteElo "2474"]
[BlackElo "2400"]
[PlyCount "58"]
[EventDate "2007.05.18"]
[EventType "swiss"]
[EventRounds "9"]
[EventCountry "CUB"]
[Source "lmi"]
[SourceDate "2007.05.18"]

1. e4 c5 2. Nf3 Nc6 3. Bb5 e6 4. Bxc6 bxc6 5. d3 Ne7 6. Qe2 f6 7. Nh4 g6 8. f4
Bg7 9. O-O O-O 10. Nf3 d6 11. Qf2 h6 12. Na3 g5 13. e5 dxe5 14. fxe5 fxe5 15.
h3 Nf5 16. Qe1 Ba6 17. Rf2 Qd5 18. Qa5 e4 19. c4 Qxd3 20. Rd2 Bd4+ 21. Kh2 Qf1
22. Nxd4 Nxd4 23. Qxc5 Rf2 24. Rxf2 Qxf2 25. Kh1 Qe1+ 26. Kh2 Ne2 27. Qe3 Rd8
28. Nc2 Qf1 29. Nb4 Rd1 0-1

[Event "42. Torneo Capablanca In Memoriam-Open"]
[Site "La Habana CUB"]
[Date "2007.05.25"]
[Round "7.12"]
[White "Rasmussen, Karsten"]
[Black "Pazos Gambarrotti, Plinio"]
[Result "1-0"]
[WhiteElo "2462"]
[BlackElo "2375"]
[PlyCount "75"]
[EventDate "2007.05.18"]
[EventType "swiss"]
[EventRounds "9"]
[EventCountry "CUB"]
[Source "lmi"]
[SourceDate "2007.05.18"]

1. Nf3 Nf6 2. c4 e6 3. Nc3 d5 4. d4 Nbd7 5. Bf4 c6 6. e3 Be7 7. Qc2 Nh5 8. Bg3
O-O 9. Bd3 g6 10. O-O-O a6 11. Kb1 b5 12. c5 f5 13. Ne5 Nxe5 14. Bxe5 Bf6 15.
f4 Rf7 16. g4 Ng7 17. h4 h5 18. gxh5 Nxh5 19. Rdg1 Rg7 20. Be2 Raa7 21. Qd1
Bxe5 22. fxe5 b4 23. Na4 a5 24. Rg5 Ba6 25. Bxh5 gxh5 26. Qxh5 f4 27. exf4 Bd3+
28. Ka1 Qf8 29. Rhg1 Rxg5 30. Rxg5+ Rg7 31. Qh6 Qf7 32. Rxg7+ Qxg7 33. Qxg7+
Kxg7 34. Nb6 Kg6 35. Nc8 Kh5 36. Ne7 Kxh4 37. Nxc6 Kg4 38. Nb8 1-0

[Event "42. Torneo Capablanca In Memoriam-Open"]
[Site "La Habana CUB"]
[Date "2007.05.25"]
[Round "7.13"]
[White "Leon Hoyos, Manuel"]
[Black "Leyva Proenza, Ricardo"]
[Result "1-0"]
[WhiteElo "2454"]
[BlackElo "2360"]
[PlyCount "80"]
[EventDate "2007.05.18"]
[EventType "swiss"]
[EventRounds "9"]
[EventCountry "CUB"]
[Source "lmi"]
[SourceDate "2007.05.18"]

1. d4 Nf6 2. c4 g6 3. Nf3 Bg7 4. g3 O-O 5. Bg2 c6 6. O-O d6 7. Nc3 Qa5 8. e4 e5
9. Rb1 Bg4 10. b4 Qa6 11. dxe5 dxe5 12. c5 Nbd7 13. Be3 Qc4 14. Qc2 a5 15. a3
Qe6 16. Ng5 Qe8 17. h3 axb4 18. Rxb4 h6 19. hxg4 hxg5 20. Bf3 Qe6 21. Na4 Rfb8
22. Bxg5 Nxg4 23. Be2 Bf8 24. Rfb1 Rxa4 25. Rxa4 Bxc5 26. Qc4 Bxf2+ 27. Kg2
Ne3+ 28. Bxe3 Qxc4 29. Rxc4 Bxe3 30. Bg4 Nc5 31. Rd1 b6 32. Rd6 Ra8 33. Rxc6
Rxa3 34. Rxb6 Ra2+ 35. Kh3 Bg1 36. Rb8+ Kg7 37. Bc8 Bd4 38. Rxc5 Bxc5 39. Rb3
Re2 40. Bb7 f5 1-0

[Event "42. Torneo Capablanca In Memoriam-Open"]
[Site "La Habana CUB"]
[Date "2007.05.25"]
[Round "7.14"]
[White "Ruiz, Orlen"]
[Black "Alvarez Pedraza, Aramis"]
[Result "1/2-1/2"]
[WhiteElo "2321"]
[BlackElo "2449"]
[PlyCount "41"]
[EventDate "2007.05.18"]
[EventType "swiss"]
[EventRounds "9"]
[EventCountry "CUB"]
[Source "lmi"]
[SourceDate "2007.05.18"]

1. e4 c5 2. Nf3 e6 3. c3 d5 4. exd5 Qxd5 5. d4 Nf6 6. Na3 Qd8 7. Nc2 Nc6 8. Bd3
Be7 9. O-O O-O 10. dxc5 Bxc5 11. Bg5 Be7 12. Re1 Bd7 13. Ne3 Qc7 14. Nc4 Rfd8
15. Qc2 h6 16. Bh4 Nh5 17. Bxe7 Nxe7 18. Nce5 Nf4 19. Bf1 Bc6 20. g3 Nfg6 21.
Nxc6 1/2-1/2

[Event "42. Torneo Capablanca In Memoriam-Open"]
[Site "La Habana CUB"]
[Date "2007.05.25"]
[Round "7.15"]
[White "Aguero, Luis Lazaro"]
[Black "Gongora Reyes, Maikel"]
[Result "1/2-1/2"]
[WhiteElo "2263"]
[BlackElo "2422"]
[PlyCount "130"]
[EventDate "2007.05.18"]
[EventType "swiss"]
[EventRounds "9"]
[EventCountry "CUB"]
[Source "lmi"]
[SourceDate "2007.05.18"]

1. e4 e5 2. Nf3 Nc6 3. Bb5 Nf6 4. O-O Nxe4 5. d4 Nd6 6. Bxc6 dxc6 7. dxe5 Nf5
8. Qxd8+ Kxd8 9. Nc3 Ke8 10. h3 Ne7 11. Re1 Ng6 12. Ne4 c5 13. c4 Be6 14. b3 h6
15. Be3 b6 16. Rad1 Rd8 17. Nc3 Rd7 18. a4 a5 19. Bc1 Be7 20. Nh2 h5 21. Nf3 h4
22. Ng5 Rxd1 23. Rxd1 Nxe5 24. Nb5 Bd8 25. Bf4 Rh5 26. Nxe6 fxe6 27. Re1 Bf6
28. Nxc7+ Ke7 29. Rd1 Rh8 30. Nb5 Rd8 31. Rxd8 Kxd8 32. Bxe5 Bxe5 33. Kf1 Ke7
34. Ke2 Kf6 35. Kf3 Kf5 36. Na7 Bf6 37. Nc8 Ke5 38. Ke3 Bg5+ 39. Kd3 Bd8 40.
Ke3 Bg5+ 41. Kd3 Bd8 42. Na7 Bf6 43. Nb5 Kf4 44. Nc7 Kf5 45. Ke3 g6 46. Nb5 Be5
47. Kf3 Bb8 48. Ke3 Bf4+ 49. Kd3 Be5 50. Na7 Bd4 51. Ke2 Be5 52. Nc8 Bc7 53.
Ne7+ Kf6 54. Nc6 Bd6 55. Kf3 Kf5 56. Na7 Bc7 57. Nb5 Be5 58. Ke3 Bf4+ 59. Kf3
Be5 60. Na3 Bc3 61. Nc2 Bd2 62. Ke2 Bf4 63. Kd3 Bg5 64. Na3 Bf4 65. Nb1 Be5
1/2-1/2

[Event "42. Torneo Capablanca In Memoriam-Open"]
[Site "La Habana CUB"]
[Date "2007.05.25"]
[Round "7.17"]
[White "Ortega, Mariano"]
[Black "Iturrizaga, Eduardo"]
[Result "1/2-1/2"]
[WhiteElo "2417"]
[BlackElo "2398"]
[PlyCount "85"]
[EventDate "2007.05.18"]
[EventType "swiss"]
[EventRounds "9"]
[EventCountry "CUB"]
[Source "lmi"]
[SourceDate "2007.05.18"]

1. Nf3 Nf6 2. g3 d5 3. Bg2 c5 4. c4 e6 5. cxd5 Nxd5 6. O-O Be7 7. Nc3 Nc6 8.
Nxd5 exd5 9. d4 cxd4 10. Nxd4 O-O 11. Be3 Ne5 12. Qb3 Nc4 13. Rad1 Nxe3 14.
Qxe3 Bf6 15. Qb3 Qb6 16. Qxb6 axb6 17. Bxd5 Rd8 18. e4 Kf8 19. Rd3 Bg4 20. a3
Ra4 21. b4 Bxd4 22. Rxd4 Rxa3 23. f4 Rc8 24. Rc4 Rxc4 25. Bxc4 Rc3 26. Bd5 Be6
27. Rd1 Bxd5 28. Rxd5 Rc4 29. e5 Rxb4 30. Rd7 Rb2 31. Rxb7 g6 32. h3 h5 33. Kh1
b5 34. Kg1 Ke8 35. Kf1 h4 36. g4 Rb4 37. f5 gxf5 38. gxf5 Rf4+ 39. Kg2 Rxf5 40.
Rxb5 Rf4 41. Rb6 Ke7 42. Rh6 Kf8 43. e6 1/2-1/2

[Event "42. Torneo Capablanca In Memoriam-Open"]
[Site "La Habana CUB"]
[Date "2007.05.25"]
[Round "7.19"]
[White "Gonzalez Vidal, Yuri"]
[Black "Alonso Garcia, Rene"]
[Result "1/2-1/2"]
[WhiteElo "2493"]
[BlackElo "2368"]
[PlyCount "33"]
[EventDate "2007.05.18"]
[EventType "swiss"]
[EventRounds "9"]
[EventCountry "CUB"]
[Source "lmi"]
[SourceDate "2007.05.18"]

1. e4 g6 2. d4 Bg7 3. Nc3 d6 4. Bg5 a6 5. a4 h6 6. Bh4 Nf6 7. f4 c5 8. dxc5 Qa5
9. Qd2 Qxc5 10. Bd3 Nc6 11. Nge2 O-O 12. a5 b5 13. axb6 Qxb6 14. Bxf6 Bxf6 15.
Nd5 Qxb2 16. O-O Rb8 17. Bxa6 1/2-1/2

[Event "42. Torneo Capablanca In Memoriam-Open"]
[Site "La Habana CUB"]
[Date "2007.05.25"]
[Round "7.20"]
[White "Vera Gonzalez-Quevedo, Reynaldo"]
[Black "Ramon Pita, Vivian"]
[Result "1-0"]
[WhiteElo "2481"]
[BlackElo "2259"]
[PlyCount "109"]
[EventDate "2007.05.18"]
[EventType "swiss"]
[EventRounds "9"]
[EventCountry "CUB"]
[Source "lmi"]
[SourceDate "2007.05.18"]

1. Nf3 d5 2. d4 c6 3. e3 e6 4. c4 f5 5. Bd3 Nf6 6. O-O Be7 7. b3 O-O 8. Ba3 Bd7
9. Qc1 Bxa3 10. Qxa3 Be8 11. Ng5 Bf7 12. Nc3 Ne4 13. Nxf7 Rxf7 14. Ne2 Qe7 15.
Qxe7 Rxe7 16. Rfc1 Nd7 17. b4 Ree8 18. cxd5 exd5 19. b5 Rac8 20. bxc6 bxc6 21.
Rc2 Nd6 22. Rac1 Nb8 23. Nc3 Rcd8 24. Na4 Rd7 25. Nc5 Rde7 26. g3 g5 27. Na6
Nxa6 28. Bxa6 f4 29. Rxc6 Ne4 30. exf4 gxf4 31. Rc8 fxg3 32. hxg3 Rxc8 33.
Rxc8+ Kf7 34. Kg2 Nf6 35. a4 Ne8 36. Bd3 Kg7 37. Rc5 Nf6 38. a5 Kf7 39. a6 Ke6
40. Rc6+ Kf7 41. Kf3 Re6 42. Rc7+ Re7 43. Rxe7+ Kxe7 44. Kf4 Ke6 45. Kg5 h6+
46. Kg6 Ng8 47. g4 Ne7+ 48. Kxh6 Nc6 49. g5 Nxd4 50. g6 Nc6 51. g7 Ne7 52. Bh7
Kf7 53. g8=Q+ Nxg8+ 54. Bxg8+ Kxg8 55. Kg5 1-0

[Event "42. Torneo Capablanca In Memoriam-Open"]
[Site "La Habana CUB"]
[Date "2007.05.25"]
[Round "7.21"]
[White "Gomez, Felix"]
[Black "Fernandez Garcia, Jose Luis"]
[Result "0-1"]
[WhiteElo "2329"]
[BlackElo "2467"]
[PlyCount "108"]
[EventDate "2007.05.18"]
[EventType "swiss"]
[EventRounds "9"]
[EventCountry "CUB"]
[Source "lmi"]
[SourceDate "2007.05.18"]

1. d4 Nf6 2. Nf3 g6 3. Bg5 Bg7 4. Nbd2 d5 5. e3 c5 6. c3 Qb6 7. Qb3 O-O 8. Be2
Bf5 9. dxc5 Qxc5 10. Qxb7 Nbd7 11. Nb3 Qd6 12. Qa6 Qxa6 13. Bxa6 Rfb8 14. Nfd4
Rb6 15. Bb5 e5 16. Nxf5 Rxb5 17. Nxg7 Kxg7 18. Bxf6+ Nxf6 19. O-O-O a5 20. f3
Rab8 21. Rd2 Nd7 22. e4 Nb6 23. exd5 a4 24. Na1 Nc4 25. Re2 Nxb2 26. Kc2 Nc4
27. Re4 Na3+ 28. Kd3 Rxd5+ 29. Ke3 Rb2 30. Rxa4 Rxa2 31. Ke4 Rad2 32. Rd4 exd4
33. Kxd5 dxc3+ 34. Kc5 Rxg2 35. Rc1 Rg5+ 36. Kb4 Nb5 37. Nb3 Rf5 38. Rc2 Kh6
39. Rf2 Kh5 40. Kc4 c2 41. Kd3 Rd5+ 42. Kxc2 Nd4+ 43. Nxd4 Rxd4 44. Re2 Kh4 45.
Rf2 Kh3 46. Kc3 Rd6 47. f4 f5 48. Ra2 Rd7 49. Rf2 Kg4 50. Rf1 Re7 51. Kd3 Re4
52. Ra1 Kxf4 53. Ra7 h5 54. Ra6 g5 0-1

[Event "42. Torneo Capablanca In Memoriam-Open"]
[Site "La Habana CUB"]
[Date "2007.05.25"]
[Round "7.23"]
[White "Prasca, Raphael"]
[Black "Alonso Moyano, Jonathan"]
[Result "1/2-1/2"]
[WhiteElo "2439"]
[BlackElo "2365"]
[PlyCount "79"]
[EventDate "2007.05.18"]
[EventType "swiss"]
[EventRounds "9"]
[EventCountry "CUB"]
[Source "lmi"]
[SourceDate "2007.05.18"]

1. e4 c5 2. Nf3 d6 3. d4 Nf6 4. Nc3 cxd4 5. Nxd4 g6 6. Be3 Bg7 7. f3 Nc6 8. Qd2
O-O 9. Bc4 Bd7 10. O-O-O Rc8 11. Bb3 Ne5 12. Kb1 Re8 13. h4 h5 14. Bh6 Nc4 15.
Bxc4 Rxc4 16. Bxg7 Kxg7 17. g4 hxg4 18. h5 Rh8 19. hxg6 fxg6 20. f4 e5 21. fxe5
dxe5 22. Nb3 Rc8 23. Qd6 Rxh1 24. Rxh1 Bc6 25. Qxe5 Qc7 26. Qg5 Bxe4 27. Rf1
Bf3 28. Nd4 Qd7 29. Nxf3 gxf3 30. Rxf3 Qe6 31. Re3 Qf7 32. b3 Re8 33. Rf3 Qe6
34. Rg3 Nh7 35. Qf4 Qf6 36. Qg4 a6 37. Rf3 Qg5 38. Qd4+ Nf6 39. Rf4 Qe5 40. Qd2
1/2-1/2

[Event "42. Torneo Capablanca In Memoriam-Open"]
[Site "La Habana CUB"]
[Date "2007.05.25"]
[Round "7.24"]
[White "Morales, Pedro"]
[Black "Perez Mitjans, Orelvis"]
[Result "0-1"]
[WhiteElo "2340"]
[BlackElo "2433"]
[PlyCount "126"]
[EventDate "2007.05.18"]
[EventType "swiss"]
[EventRounds "9"]
[EventCountry "CUB"]
[Source "lmi"]
[SourceDate "2007.05.18"]

1. e4 c5 2. Nf3 g6 3. d4 cxd4 4. Qxd4 Nf6 5. e5 Nc6 6. Qa4 Nd5 7. Qe4 Ndb4 8.
Bb5 Qa5 9. Nc3 d5 10. Qe2 Bg4 11. O-O O-O-O 12. a3 Nd4 13. Nxd4 Bxe2 14. axb4
Qxb4 15. Ncxe2 a6 16. c3 Qc5 17. Be3 Qc7 18. Rxa6 bxa6 19. Bxa6+ Kb8 20. Ra1 e6
21. b4 Qb6 22. Bb5 Rc8 23. Nc6+ Rxc6 24. Bxb6 Rxb6 25. Nd4 Bg7 26. Bc6 Bxe5 27.
Ra8+ Kc7 28. Ra7+ Kd8 29. b5 Rf8 30. g3 h5 31. f4 Bc7 32. Kg2 Rb8 33. Nf3 Kc8
34. Ng5 Bb6 35. Rd7 Ra8 36. Nxf7 Ra7 37. Nd6+ Kb8 38. Rxa7 Bxa7 39. Ne8 Rf7 40.
c4 Re7 41. cxd5 exd5 42. Nf6 d4 43. Be4 Re6 44. Nd7+ Kc7 45. Ne5 g5 46. h4 gxf4
47. gxf4 Bc5 48. Kf3 Be7 49. Nc4 Bxh4 50. b6+ Kd8 51. f5 Rh6 52. b7 Kc7 53. Ne5
Rb6 54. Bd5 Bf6 55. Nd3 h4 56. Nc5 Kd6 57. Na6 Kxd5 58. b8=Q Rxb8 59. Nxb8 d3
60. Nd7 Bd4 61. Nf8 h3 62. Ne6 h2 63. Kg2 d2 0-1

[Event "42. Torneo Capablanca In Memoriam-Open"]
[Site "La Habana CUB"]
[Date "2007.05.25"]
[Round "7.25"]
[White "Hevia, Alejano Carlos A"]
[Black "Barrientos, Sergio"]
[Result "1/2-1/2"]
[WhiteElo "2315"]
[BlackElo "2428"]
[PlyCount "73"]
[EventDate "2007.05.18"]
[EventType "swiss"]
[EventRounds "9"]
[EventCountry "CUB"]
[Source "lmi"]
[SourceDate "2007.05.18"]

1. e4 c5 2. Nf3 Nc6 3. d4 cxd4 4. Nxd4 e5 5. Nb5 d6 6. N1c3 a6 7. Na3 Be7 8.
Nc4 b5 9. Ne3 Nf6 10. Bd3 Be6 11. O-O O-O 12. a4 b4 13. Ncd5 a5 14. Nxf6+ Bxf6
15. Bc4 Rc8 16. Ba6 Rb8 17. Bc4 Qc7 18. Nd5 Bxd5 19. Bxd5 Nd4 20. Be3 Ne6 21.
Bb3 h6 22. Qd3 Bg5 23. Bxe6 fxe6 24. Bxg5 hxg5 25. Rad1 Rbd8 26. Qb3 Rf6 27.
Rd2 Qc6 28. Re1 g4 29. Rd3 Qc5 30. Rd2 Kf7 31. h3 gxh3 32. Qxh3 Qc6 33. b3 Rh6
34. Qe3 Rdh8 35. f3 Rh1+ 36. Kf2 Kf6 37. Ke2 1/2-1/2

[Event "42. Torneo Capablanca In Memoriam-Open"]
[Site "La Habana CUB"]
[Date "2007.05.25"]
[Round "7.26"]
[White "Arribas Robaina, Maritza"]
[Black "Duarte, Leonardo"]
[Result "1/2-1/2"]
[WhiteElo "2335"]
[BlackElo "2420"]
[PlyCount "101"]
[EventDate "2007.05.18"]
[EventType "swiss"]
[EventRounds "9"]
[EventCountry "CUB"]
[Source "lmi"]
[SourceDate "2007.05.18"]

1. e4 c5 2. Nf3 e6 3. c3 Nf6 4. e5 Nd5 5. d4 cxd4 6. cxd4 d6 7. a3 Nd7 8. Nbd2
b6 9. Bb5 Bb7 10. O-O a6 11. Bd3 Qc7 12. exd6 Bxd6 13. Ne4 O-O 14. Bd2 Rac8 15.
Rc1 Qb8 16. Nxd6 Qxd6 17. Rxc8 Rxc8 18. Ng5 N5f6 19. Be3 h6 20. Nh3 Nd5 21. Bd2
N7f6 22. Qe2 a5 23. Rd1 Rd8 24. Bb1 Ne7 25. Bf4 Qd5 26. f3 Nc6 27. Nf2 Qd7 28.
Be5 Qe7 29. Qc2 g6 30. Qc1 Nxe5 31. dxe5 Rxd1+ 32. Nxd1 Nd7 33. Qxh6 Nxe5 34.
Qe3 Qd6 35. Nf2 Nc4 36. Qc3 Qc5 37. Bd3 Bd5 38. Bxc4 Qxc4 39. Qd2 Qc5 40. h3 e5
41. Kh2 f5 42. h4 Kf7 43. Nh3 f4 44. Ng5+ Kf6 45. Ne4+ Bxe4 46. Qd8+ Kf7 47.
fxe4 Qd4 48. Qc7+ Kf6 49. Qc6+ Kg7 50. Qc7+ Kf6 51. Qc6+ 1/2-1/2

[Event "42. Torneo Capablanca In Memoriam-Open"]
[Site "La Habana CUB"]
[Date "2007.05.25"]
[Round "7.27"]
[White "Fernandez, Alexey"]
[Black "Cabrera Trujillo, Jorge"]
[Result "1-0"]
[WhiteElo "2414"]
[BlackElo "2334"]
[PlyCount "55"]
[EventDate "2007.05.18"]
[EventType "swiss"]
[EventRounds "9"]
[EventCountry "CUB"]
[Source "lmi"]
[SourceDate "2007.05.18"]

1. e4 c5 2. Nf3 d6 3. d4 cxd4 4. Nxd4 Nf6 5. Nc3 g6 6. Be3 Bg7 7. f3 O-O 8. Qd2
Nc6 9. g4 Be6 10. O-O-O Nxd4 11. Bxd4 Qa5 12. a3 Rfc8 13. h4 Rab8 14. h5 b5 15.
hxg6 b4 16. Nd5 Bxd5 17. g5 Qa4 18. gxf6 Bxf6 19. Bxf6 exf6 20. exd5 bxa3 21.
gxf7+ Kh8 22. Rxh7+ Kxh7 23. Bd3+ Kg7 24. Qg2+ Kxf7 25. Qg6+ Ke7 26. Re1+ Kd8
27. Qxf6+ Kc7 28. Re7+ 1-0

[Event "42. Torneo Capablanca In Memoriam-Open"]
[Site "La Habana CUB"]
[Date "2007.05.25"]
[Round "7.28"]
[White "Needleman, Alejandro"]
[Black "Jimenez, Pedro A"]
[Result "1/2-1/2"]
[WhiteElo "2357"]
[BlackElo "2292"]
[PlyCount "68"]
[EventDate "2007.05.18"]
[EventType "swiss"]
[EventRounds "9"]
[EventCountry "CUB"]
[Source "lmi"]
[SourceDate "2007.05.18"]

1. Nf3 c5 2. g3 Nc6 3. Bg2 g6 4. O-O Bg7 5. c4 e5 6. Nc3 Nge7 7. Rb1 O-O 8. a3
f5 9. d3 d6 10. Bg5 h6 11. Bxe7 Nxe7 12. Ne1 Rb8 13. Nc2 Be6 14. Ne3 h5 15.
Ned5 a6 16. b4 b5 17. Qc2 bxc4 18. dxc4 e4 19. bxc5 Rxb1 20. Rxb1 dxc5 21.
Nxe7+ Qxe7 22. Rb6 Kh7 23. e3 Bf7 24. Bf1 Qe5 25. Nd5 Rd8 26. Rxa6 Bxd5 27.
cxd5 Rxd5 28. Qb3 Rd6 29. Ra7 Qa1 30. Qf7 Kh6 31. h4 Rd1 32. Kg2 Rxf1 33. Qxg7+
Qxg7 34. Rxg7 Ra1 1/2-1/2

[Event "42. Torneo Capablanca In Memoriam-Open"]
[Site "La Habana CUB"]
[Date "2007.05.25"]
[Round "7.29"]
[White "Soto Paez, Oliver"]
[Black "Vigoa Apecheche, Yanira"]
[Result "1-0"]
[WhiteElo "2350"]
[BlackElo "2217"]
[PlyCount "91"]
[EventDate "2007.05.18"]
[EventType "swiss"]
[EventRounds "9"]
[EventCountry "CUB"]
[Source "lmi"]
[SourceDate "2007.05.18"]

1. e4 c5 2. Nf3 Nc6 3. d4 cxd4 4. Nxd4 Nf6 5. Nc3 e5 6. Ndb5 d6 7. Bg5 a6 8.
Na3 b5 9. Nd5 Qa5+ 10. Bd2 Qd8 11. c4 bxc4 12. Nxc4 Nxd5 13. exd5 Nd4 14. Ba5
Qh4 15. Bd3 Bg4 16. Qd2 Be7 17. Qe3 O-O 18. O-O Bg5 19. f4 Bh6 20. Nxd6 Be2 21.
g3 Qg4 22. Qxe5 Bxd3 23. Qxd4 Bxf1 24. Rxf1 g6 25. Ne4 Bg7 26. Nf6+ Kh8 27. Bc3
Qf5 28. g4 Qc2 29. d6 Qe2 30. Re1 Qb5 31. Re3 Rad8 32. Rh3 h6 33. g5 Qf5 34.
gxh6 Bxf6 35. Qxf6+ Qxf6 36. Bxf6+ Kh7 37. Bxd8 Rxd8 38. Rd3 Kxh6 39. Kf2 Kg7
40. d7 Kf6 41. Kf3 Kf5 42. Rd6 a5 43. b3 f6 44. h4 g5 45. hxg5 fxg5 46. fxg5
1-0

[Event "42. Torneo Capablanca In Memoriam-Open"]
[Site "La Habana CUB"]
[Date "2007.05.25"]
[Round "7.30"]
[White "Marrero Lopez, Yaniet"]
[Black "Sariego, Wilfredo"]
[Result "1/2-1/2"]
[WhiteElo "2290"]
[BlackElo "2328"]
[PlyCount "42"]
[EventDate "2007.05.18"]
[EventType "swiss"]
[EventRounds "9"]
[EventCountry "CUB"]
[Source "lmi"]
[SourceDate "2007.05.18"]

1. e4 c6 2. c4 d5 3. exd5 cxd5 4. cxd5 Nf6 5. Qa4+ Nbd7 6. Nc3 g6 7. Nf3 Bg7 8.
Bc4 O-O 9. d3 a6 10. Qa3 Nb6 11. O-O Nfxd5 12. Nxd5 Nxd5 13. Re1 h6 14. Bd2 e6
15. d4 b6 16. Ne5 Bb7 17. Qh3 h5 18. Rad1 Bf6 19. Bh6 Bg7 20. Bd2 Bf6 21. Bh6
Bg7 1/2-1/2

[Event "42. Torneo Capablanca In Memoriam-Open"]
[Site "La Habana CUB"]
[Date "2007.05.25"]
[Round "7.31"]
[White "Ordaz Valdes, Lisandra"]
[Black "Diaz Diaz, Joaquin Carlos"]
[Result "1-0"]
[WhiteElo "2222"]
[BlackElo "2323"]
[PlyCount "73"]
[EventDate "2007.05.18"]
[EventType "swiss"]
[EventRounds "9"]
[EventCountry "CUB"]
[Source "lmi"]
[SourceDate "2007.05.18"]

1. c4 e6 2. Nc3 d5 3. d4 Be7 4. cxd5 exd5 5. Bf4 c6 6. e3 Bf5 7. Nge2 Nd7 8.
Ng3 Bg6 9. Be2 Qb6 10. Qd2 h5 11. h4 Ngf6 12. O-O Ne4 13. Ngxe4 dxe4 14. d5 Nc5
15. Be5 O-O 16. Bd4 Qc7 17. Qd1 Nd3 18. Nxe4 Bxe4 19. Bxd3 Bxd3 20. Qxd3 Bxh4
21. Qc3 g6 22. Rac1 Rfc8 23. Bh8 f5 24. dxc6 bxc6 25. Be5 Qf7 26. Rfd1 Kh7 27.
Rd6 c5 28. Rcd1 Rc7 29. R6d5 Re7 30. Rxc5 Qxa2 31. Rc7 Rae8 32. Qc6 Qf7 33.
Rdd7 Rxd7 34. Rxd7 Re7 35. Qc8 Kh6 36. Qh8+ Kg5 37. Bf4+ 1-0